Štúdium nadmolekulovej štruktúry polymérnych zliatin na báze PET a PBT

Guardado en:
Detalles Bibliográficos
Autor principal: Antal, Jozef (Autor)
Otros Autores: Černičková, Ivona (Orientador)
Formato: Manuscrito Libro
Lenguaje:eslovaco
Publicado: 2020
Materias:
Acceso en línea:http://is.stuba.sk/zp/portal_zp.pl?podrobnosti=151909
Etiquetas: Agregar Etiqueta
Sin Etiquetas, Sea el primero en etiquetar este registro!

MARC

LEADER 00000ntm a22000003a 4500
001 stuzp78935
003 SK-STU
005 20200704212410.0
007 ta
008 150427s2015----xo-----f-mn---000-0-slo-d
040 |a STU  |b slo 
041 0 |a slo 
100 1 |a Antal, Jozef  |u 061000  |k Z4  |4 aut  |U MTF Materiálovotechnologická fakulta  |T MTF Ústav materiálov  |X 32261  |U M1000  |Y 81  |7 32261 
242 0 1 |a Study of supramolecular structure of polymers based on PET and PBT  |y eng 
245 1 0 |a Štúdium nadmolekulovej štruktúry polymérnych zliatin na báze PET a PBT 
260 |c 2020 
650 4 |a Polybutyléntereftalát  |2 slo 
650 4 |a röntgenová difrakcia polymérov  |2 slo 
650 4 |a SEM polymérov  |2 slo 
650 4 |a PET  |2 slo 
650 4 |a Polyetyléntereftalát  |2 slo 
650 4 |a XRD polymérov  |2 slo 
650 4 |a PBT  |2 slo 
650 4 |a kryštalinita polymérov  |2 slo 
650 4 |a , riadkovacia elektrónová mikroskopia polymérov  |2 slo 
650 4 |a Polybutylene terephthalate  |2 eng 
650 4 |a crystallinity of polymers  |2 eng 
650 4 |a PET  |2 eng 
650 4 |a Polyethylene terephthalate  |2 eng 
650 4 |a PBT  |2 eng 
650 4 |a XRD polymers  |2 eng 
650 4 |a X-ray diffraction of polymers  |2 eng 
650 4 |a SEM of polymers  |2 eng 
650 4 |a scanning electron microscopy of polymers  |2 eng 
700 1 |a Černičková, Ivona  |u 061000  |k Z1  |4 ths  |U MTF Materiálovotechnologická fakulta  |T MTF Ústav materiálov  |X 66646  |U M1000  |Y 81  |7 A000066646 
856 4 |u http://is.stuba.sk/zp/portal_zp.pl?podrobnosti=151909 
996 |c M* DP-14137  |l MMKN  |s P  |a 0  |w stuzp78935_0001